Land vs. Land #192 - Statistiken

Allgemein
  • Dieses Quiz wurde 35 mal gespielt
  • Das Durchschnittsergebnis liegt bei 13 aus 16
Antwortstatistiken
Frage Antwort % Korrekt
...Einwohner? Vereinigtes Königreich🇬🇧
100%
...Frieden? Niederlande🇳🇱
97%
...Fläche? Vereinigtes Königreich🇬🇧
97%
...Militär? Vereinigtes Königreich🇬🇧
97%
...Küstenlänge? Vereinigtes Königreich🇬🇧
97%
...Happy Planet Index? Niederlande🇳🇱
94%
...Lebenserwartung? Niederlande🇳🇱
91%
...Gesundheitswesen? Niederlande🇳🇱
88%
...Tourismus? Vereinigtes Königreich🇬🇧
88%
...HDI (Human Development Index)? Niederlande🇳🇱
85%
...Bruttoinlandsprodukt? Vereinigtes Königreich🇬🇧
85%
...Bruttoinlandsprodukt pro Kopf? Niederlande🇳🇱
79%
...Beschäftigungsquote? Niederlande🇳🇱
79%
...durchschnittlicher IQ? Niederlande🇳🇱
73%
...Gewinner? Niederlande🇳🇱
61%
...Exportmengen? Niederlande🇳🇱
18%
Keine übereinstimmenden Quizze gefunden
Verteilung der Resultate
Anzahl Personen mit jedem Resultat
Perzentil nach korrekt beantworteten Fragen
Ihre Resultats-Entwicklung
Sie haben dieses Quiz noch nicht gespielt